000 00521nam a22001937a 4500
003 KOHA_MİRAKIL
005 20251021165334.0
008 251021b tu ||||| |||| 00| 0 tur d
020 _a9786053424000
040 _aTR-AnABB
_btur
_cTR-AnABB
041 _atur
082 _a813.42
_bCEV 2021
100 1 _aÇeviksoy, Osman,
245 1 0 _aBebiha /
_cOsman Çeviksoy
260 _aAnkara :
_bAkçağ Yayınları,
_c2021
300 _a360 sayfa ;
_c21 cm
650 0 4 _aTürk edebiyatı, roman
942 _2ddc
_cBK
999 _c9176
_d9176
900 _bGizem YORULMAZ